Islam - prophète Mohamed - Statistiques

Statistiques générales
  • Ce quiz a été pris 3 733 fois
  • Le résultat moyen est 12 sur 38
Statistiques - réponses
Hint Réponse % Correct
Dans quelle ville le prophète a t-il émigré avec les musulmans ? Médine
87%
Par qui ? Djibril
69%
Sa première femme ? Khadija
69%
A quel âge le prophète reçoit-il la révélation ? 40
60%
Sa mère Amina
58%
Comment appelle t-on cette émigration ? Hégire
51%
Qui fut le quatrième ? Ali
50%
Premier mot de la révélation ? Lis
50%
Qui était le premier homme à faire l'appel à la prière ? Bilal
49%
Qui fut le deuxième ? Omar ibn al-Khattab
46%
Son père Abdallah
44%
Qui fut le premier calife à la mort du prophète ? Abu Bakr
42%
Comment appelle t-on celui qui fait l'appel à la prière ? Muezzin
41%
Quelle est la première bataille des musulmans ? Badr
40%
Année de naissance 570
35%
Son oncle (qui l'a adopté) Abu Talib
35%
Dans quelle ville dirigea t-il une prière où plusieurs prophètes prirent part (lors du voyage nocturne) ? Jérusalem
35%
Dans quelle grotte ? Hira
34%
En quelle année est mort le prophète ? 632
32%
Lieu de Naissance Mecques
31%
Qui fut le troisième ? Othman
30%
Quel oncle et compagnon du prophète a perdu la vie lors de cette bataille ? Hamza
29%
En quelle année eu lieu cette émigration ? 622
28%
Sa nourrice Halima
27%
Quelle est la première défaite des musulmans ? Uhud
26%
Nom que l'on donne à son année de naissance Année de l'éléphant
22%
En quelle année le prophète décide de conquérir la Mecques suite à la violation de ce traité par les Mecquois ? 630
17%
Comment appelle t-on les croyants de cette ville qui recueillirent les musulmans venus de la Mecques ? Ansar
13%
En quelle année eu lieu cette bataille ? 627
11%
Comment s'appelle la monture sur laquelle le prophète a effectué le voyage nocturne ? Al bouraq
10%
Son grand père Abd al Muttalib
9%
Comment appelle t-on la période durant laquelle ces quatre califes dirigeaient le monde musulman ? califat Rashidun
7%
Dans quelle montagne ? Jabal an Nour
6%
Comment appelle t-on les mecquois ayant émigré dans cette ville ? mouhajiroun
4%
Comment s'appelle le dernier discours que fit le prophète lors du pèlerinage d'adieu l'année de sa mort ? Le dernier sermon
3%
Quel compagnon eu l'idée de creuser des tranchées autour de la ville de Médine lors de la bataille de la tranchée ? Salman al Farisi
3%
Quel traité le prophète a signé avec les autorités mecquoises prévoyant une période de paix de 10 ans et permettant aux musulmans de se rendre en pèlerinage à La Mecque ? Traité de Houdaybiya
3%
Quelle tribu juive de Médine a trahi les musulmans lors de cette bataille en violant la charte de Médine? Banu Qurayza
2%
Aucun quiz correspondant
Distribution des résultats
% des personnes avec chaque résultat
Percentile par nombre de réponses
Votre historique - résultats
Vous n’avez pas pris ce quiz